000 01198nam0a22002771 4500
001 rc\3568171
005 20130115140707.7
021 _aRU
_b[77-10446]
035 _a(NLR Aleph) 007799601
090 _a7678695
_c7678695
100 _a20130115d1976 |||y0rusy50 ca
101 0 _arus
102 _aRU
105 _aa z |||||
200 1 _aОрганизация технического обслуживания и ремонта автомобилей в автотранспортных предприятиях в условиях Севера
_eУчеб. пособие
_fА.И. Яговкин, Б.С. Клейнер, Л.Г. Резник
_gТюмен. гос. ун-т, Тюмен. индустр. ин-т
210 _aТюмень
_cТюмен. ун-т
_d1976
215 _a104 с., 2 отд. л. схем.
_cил.
_d20
606 _aАвтомобили
_xУход и обслуживание
_xОрганизация
_2psbo
700 1 _aЯговкин
_bА. И.
_gАркадий Иванович
701 1 _aКлейнер
_bБ. С.
701 1 _aРезник
_bЛ.
_gЛ.Г
801 0 _aRU
_bNLR
_gpsbo
801 1 _aRU
_bELAR
_2rusmarc
852 _aNLR
_j77-3/2882
942 _cBOOK
980 _aNB